000 00447nam a2200109Ia 4500
008 160909s9999 xx 000 0 und d
100 _aSaffle, Elisa
245 2 _aA qualitative study investigating administrator perceptions on the need, benefits, challenges, and areas for principal mentoring
260 _bNorthwest Nazarene University
_c2016
650 _aFINANCIAL MANAGEMENT
856 _uhttp://pqdtopen.proquest.com/doc/1806939038.html?FMT=ABS
999 _c304561
_d304561